movie title by emojis - Statistics

General Stats
  • This quiz has been taken 31 times
  • The average score is 8 of 11
Answer Stats
Hint Answer % Correct
πŸ¦πŸ‘‘ The Lion King
100%
🚒 Titanic
100%
🦈 Jaws
96%
πŸŽ€β˜” Singing in the Rain
89%
⬆ Up
86%
πŸͺπŸ’ Planet of the Apes
79%
πŸ‘‚πŸŽΆ The Sound of Music
68%
😑😑😑😑😑😑😑😑😑😑😑😑 12 Angry Men
46%
βœˆπŸš‚πŸš— Planes, Trains, and Automobiles
46%
πŸ•΅πŸŸ Finding Dory
39%
πŸ§‘β€βš•πŸ€” Doctor Strange
25%
No matching quizzes found
Score Distribution
Percent of People with Each Score
Percentile by Number Answered
Your Score History
You have not taken this quiz